Missing Word: Entertainment 'J' Quiz Stats

 Plays Quiz Updated Oct 30, 2018

Challenge
Share
Tweet
Embed
Score 0/20 Timer 04:00
6 Plays Today
Hint Answer % Correct
MovieJourney
97%
MovieJacket
96.2%
BookJane
95.3%
MusicalJerry
86.1%
BookJekyll
84.3%
MusicalJoseph
83.1%
MusicalJersey
83.1%
AlbumJail
72.7%
MusicalJames
72.2%
AlbumJagged
72.1%
Hint Answer % Correct
BookJurassic
70.5%
MovieJingle
69.8%
MovieJudgment
61.9%
AlbumJoshua
60.7%
BookJim
45.2%
MovieJumping
36.7%
MusicalJones
28.1%
AlbumJungle
27.2%
BookJamaica
26.8%
AlbumJoe's
9.8%

Today's Daily Dose

Missing Word
Entertainment 'L'

Word Ladder
Fingers

Quick Pick
When in Rome

On This Day
December 15th II

You're not logged in!

Compare scores with friends on all Sporcle quizzes.
OR
Log In

You Might Also Like...

Show Comments

Extras

Top Quizzes Today


Score Distribution

Your Account Isn't Verified!

In order to create a playlist on Sporcle, you need to verify the email address you used during registration. Go to your Sporcle Settings to finish the process.

Report this User

Report this user for behavior that violates our Community Guidelines.

Details: